00000000nam##2200000za#4500
0019.662153
003CaOODSP
00520210615120415
007ta
008150407|2000||||xxc|||||     f|0| 0 eng|d
020 |a0-662-65227-4
040 |aCaOODSP|beng
041 |aeng
041 |afre
043 |an-cn---
0861 |aNS3-31/2000
1102 |aNatural Sciences and Engineering Research Council of Canada.
24510|aFrom crisis to opportunity : |brebuilding Canada's role in northern research / |cCo-published by the Social Sciences and Humanities Research Council of Canada.
260 |aOttawa - Ontario : |bNatural Sciences and Engineering Research Council |c2000.
300 |aEnglish text, 43p. : |billus. ; |c28 cm.
500 |a"Final report to NSERC and SSHRC from the Task Force on Northern Research."--Title page.
5203 |aFinal report to NSERC and SSHRC from the Task Force on Northern Research.--Title page
546 |aBilingual
563 |aSoftcover
590 |a01-16|b2001-04-20
69007|aNorthern Canada|2gcpds
69007|aNorthern studies|2gcpds
69007|aPolicy|2gcpds
7760#|tDe l'état de crise à la relance : |w(CaOODSP)9.642295
7760#|tFrom crisis to opportunity : |w(CaOODSP)9.698282
792 |tDe l'état de crise à la relance : |efre|w(CaOODSP)9.662154